| 000 | 00458nam a2200181Ia 4500 | ||
|---|---|---|---|
| 001 | 11773 | ||
| 003 | IN-NITTTR | ||
| 005 | 20251114233110.0 | ||
| 008 | 251113s9999||||xx |||||||||||||| ||eng|| | ||
| 040 | _beng | ||
| 040 | _cIN-NITTTR | ||
| 041 | _aeng | ||
| 082 | _a652.302 W162P | ||
| 100 | _aWalmsley, W. | ||
| 245 | 0 |
_aPitman commercial typewriting : _b horizontal method. / _cWalmsley, W., Walmsley, E. |
|
| 700 | _a Walmsley, E. | ||
| 942 |
_2ddc _cBK |
||
| 999 |
_c14409 _d14409 |
||